Separacia vybraných kumarínov metódou vysokoúčinnej kvapalinovej chromatografie bakalárska práca

Na minha lista:
Detalhes bibliográficos
Autor principal: Auxtová, Alžbeta
Formato: Livro
Idioma:eslovaco
Publicado em: Bratislava STU FCHPT 2015
Acesso em linha:View in OPAC
Tags: Adicionar Tag
Sem tags, seja o primeiro a adicionar uma tag!

MARC

LEADER 00000nam a2200000 a 4500
005 20260127134120.0
008 160804 2015 000 0 slo d
035 |a vtls011571170 
039 9 |y 201608041053  |z mschk03 
040 |a STUSCHK1  |b slo  |c STUSCHK1  |e AACR2 
100 1 |a Auxtová, Alžbeta 
245 1 |a Separacia vybraných kumarínov metódou vysokoúčinnej kvapalinovej chromatografie  |b bakalárska práca  |c Alžbeta Auxtová 
260 |a Bratislava  |b STU FCHPT  |c 2015 
300 |a 41 s.  |b il.  |c 25 cm 
500 |a Študijný program: chémia, medicínska chémia a chemické materiály 
500 |a Študijný odbor: chémia, chemické technológie 
500 |a Školiace pracovisko: Oddelenie analytickej chémie 
500 |a Evid.číslo: FCHPT-13569-61113 
910 |a SCHK95 
999 |c 4404  |d 4404